महात्मा और कवि : (Record no. 117636)

MARC details
000 -LEADER
fixed length control field 01472nam a22002657a 4500
005 - DATE AND TIME OF LATEST TRANSACTION
control field 20170124103058.0
010 ## - LIBRARY OF CONGRESS CONTROL NUMBER
LC control number B-207818
020 ## - INTERNATIONAL STANDARD BOOK NUMBER
Terms of availability 75.00
International Standard Book Number 8123745257
035 ## - SYSTEM CONTROL NUMBER
System control number B-207818
037 ## - SOURCE OF ACQUISITION
Source of stock number/acquisition Cen Lib/Ret
040 ## - CATALOGING SOURCE
Original cataloging agency DPL
Language of cataloging HN
082 ## - DEWEY DECIMAL CLASSIFICATION NUMBER
Classification number 920
Item number महात्मा
245 ## - TITLE STATEMENT
Title महात्मा और कवि :
Statement of responsibility, etc संपादक सव्यसाचि भट्टाचार्य ; अनुवादक तालेवर गिरि
Remainder of title गांधी और टैगोर के बीच 1915-1941 तक हुए पत्र-व्यव्हार और विचार-विमर्श /
246 ## - VARYING FORM OF TITLE
Title proper/short title Mahatma aur kavi : Gandhi aur Tagore ke beech 1915-1941 tak hue patr-vyavhar aur vichar-vimarsh /
Remainder of title sampadak Savysachi Bhattacharya;anuvadak Talewar Giri
260 ## - PUBLICATION, DISTRIBUTION, ETC. (IMPRINT)
Place of publication, distribution, etc नई दिल्ली
Name of publisher, distributor, etc नेशनल बुक ट्रस्ट
Date of publication, distribution, etc 2005
270 ## - ADDRESS
Address ए-5 ग्रीन पार्क
City नई दिल्ली
Postal code 110016
300 ## - PHYSICAL DESCRIPTION
Extent 217पृ.
Dimensions 21सेमी(अजिल्द)
650 ## - SUBJECT ADDED ENTRY--TOPICAL TERM
Topical term or geographic name as entry element हिन्दी साहित्य
9 (RLIN) 75942
650 ## - SUBJECT ADDED ENTRY--TOPICAL TERM
Topical term or geographic name as entry element हिन्दी -- जीवनियाँ
9 (RLIN) 75943
650 ## - SUBJECT ADDED ENTRY--TOPICAL TERM
Topical term or geographic name as entry element Hindi literature
9 (RLIN) 75944
650 ## - SUBJECT ADDED ENTRY--TOPICAL TERM
Topical term or geographic name as entry element Hindi - Biographies
9 (RLIN) 75945
700 ## - ADDED ENTRY--PERSONAL NAME
Personal name भट्टाचार्य, सव्यसाचि
9 (RLIN) 43628
700 ## - ADDED ENTRY--PERSONAL NAME
Personal name गिरि, तालेवर
9 (RLIN) 75946
942 ## - ADDED ENTRY ELEMENTS (KOHA)
Source of classification or shelving scheme Dewey Decimal Classification
Koha item type Hindi Books
Classification part 920
Call number suffix महात्मा
Holdings
Withdrawn status Lost status Damaged status Not for loan Home library Current library Date acquired Source of acquisition Cost, normal purchase price Total Checkouts Full call number Barcode Date last seen Date checked out Copy number Cost, replacement price Price effective from Koha item type
        Central Library Central Library 07/09/2015 Cen Lib/Ret 75.00 2 920 महात्मा B-207818 14/08/2021 12/07/2021 1 75.00 07/09/2015 Hindi Books

© Delhi Public Library
Hit Counter
free hit counter